Lyon ou lion... ou les deux? - Statistiques

Statistiques générales
  • Ce quiz a été pris 419 fois
  • Le résultat moyen est 10 sur 15
Statistiques - réponses
Hint Réponse % Correct
Célèbre pour sa gastronomie Lyon
91%
Les enfants sont les "lionceaux" Lion
89%
Présent dans une fable de La Fontaine Lion
87%
Se dit "león" en espagnol Lion
83%
Symbole de courage Lion
80%
Est connu pour sa place importante dans l’histoire française Lyon
76%
Se dit Lugdunum en latin Lyon
76%
Le Parc de la Tête d'Or Lyon
69%
Dans le Zoo du Parc de la Tête d'Or Lion
65%
Parfois, c'est dangereux Les deux
64%
Est associé à des équipes sportives célèbres Les deux
52%
A participé à des batailles historiques Lyon
43%
Peut être vu sur des armoiries Les deux
39%
Apparaît dans des contes ou des légendes Les deux
37%
Apparaît sur certains drapeaux Les deux
28%
Aucun quiz correspondant
Distribution des résultats
% des personnes avec chaque résultat
Percentile par nombre de réponses
Votre historique - résultats
Vous n’avez pas pris ce quiz